Ruthless compassion: [wrathful deities in early Indo-Tibetan esoteric Buddhist art]
| Main Author: | |
|---|---|
| Format: | Print Image |
| Language: | English |
| Subito Delivery Service: | Order now. |
| Check availability: | HBZ Gateway |
| WorldCat: | WorldCat |
| Interlibrary Loan: | Interlibrary Loan for the Fachinformationsdienste (Specialized Information Services in Germany) |
| Published: |
London
Serindia Publications
1999
|
| In: | Year: 1999 |
| Edition: | 1. publ. |
| Standardized Subjects / Keyword chains: | B
Asia
/ Buddhism
/ Esotericism
/ God
/ History
B Tibet / Gods / Iconography / Buddhist art B Buddhism / Tantrism / Gods B Buddhism / Gods B Buddhist art / God |
| Further subjects: | B
Sculpture, Tantric-Buddhist Asia
B Illustrated book B Tantric Buddhism India History B Emotions in art B Buddhist art and symbolism B Gods, Buddhist India History |
MARC
| LEADER | 00000cam a2200000 c 4500 | ||
|---|---|---|---|
| 001 | 1605650366 | ||
| 003 | DE-627 | ||
| 005 | 20251225192431.0 | ||
| 007 | tu | ||
| 008 | 990910s1999 xxk||||| 00| ||eng c | ||
| 020 | |a 0906026512 |9 0-906026-51-2 | ||
| 035 | |a (DE-627)1605650366 | ||
| 035 | |a (DE-576)079734103 | ||
| 035 | |a (DE-599)BSZ079734103 | ||
| 035 | |a (OCoLC)231958240 | ||
| 035 | |a (OCoLC)42379381 | ||
| 035 | |a (AT-OBV)AC02921990 | ||
| 040 | |a DE-627 |b ger |c DE-627 |e rakwb | ||
| 041 | |a eng | ||
| 044 | |c XA-GB | ||
| 082 | 0 | |a 704.9489 | |
| 082 | 0 | |a 294.343721 | |
| 084 | |a 6,24 |a 0 |2 ssgn | ||
| 084 | |a 11.93 |2 bkl | ||
| 084 | |a 20.51 |2 bkl | ||
| 100 | 1 | |0 (DE-588)1033492485 |0 (DE-627)741313081 |0 (DE-576)181550466 |4 aut |a Linrothe, Robert N. |d 1951- | |
| 109 | |a Linrothe, Robert N. 1951- |a Linrothe, Rob 1951- |a Linrothe, Robert 1951- | ||
| 191 | |a 1 | ||
| 245 | 1 | 0 | |a Ruthless compassion |b [wrathful deities in early Indo-Tibetan esoteric Buddhist art] |c Rob Linrothe |
| 250 | |a 1. publ. | ||
| 264 | 1 | |a London |b Serindia Publications |c 1999 | |
| 300 | |a XII, 354 S. |b zahlr. Ill. | ||
| 336 | |a unbewegtes Bild |b sti |2 rdacontent | ||
| 337 | |a ohne Hilfsmittel zu benutzen |b n |2 rdamedia | ||
| 338 | |a Band |b nc |2 rdacarrier | ||
| 500 | |a Includes index | ||
| 583 | 1 | |a Archivierung/Langzeitarchivierung gewährleistet |f SSG |x XA-DE-BW |2 pdager |5 DE-21 | |
| 601 | |a Buddhist | ||
| 653 | 0 | |a Gods, Buddhist |a India |a History | |
| 653 | 0 | |a Tantric Buddhism |a India |a History | |
| 653 | 0 | |a Sculpture, Tantric-Buddhist |a Asia | |
| 653 | 0 | |a Emotions in art | |
| 653 | 0 | |a Buddhist art and symbolism | |
| 655 | 7 | |a Bildband |0 (DE-588)4145395-5 |0 (DE-627)104450835 |0 (DE-576)209741139 |2 gnd-content | |
| 689 | 0 | 0 | |d g |0 (DE-588)4003217-6 |0 (DE-627)10457822X |0 (DE-576)208850694 |2 gnd |a Asien |
| 689 | 0 | 1 | |d s |0 (DE-588)4008690-2 |0 (DE-627)106366823 |0 (DE-576)20887772X |2 gnd |a Buddhismus |
| 689 | 0 | 2 | |d s |0 (DE-588)4015541-9 |0 (DE-627)106336290 |0 (DE-576)208912258 |2 gnd |a Esoterik |
| 689 | 0 | 3 | |d s |0 (DE-588)4124919-7 |0 (DE-627)105744042 |0 (DE-576)209572175 |2 gnd |a Gottesdarstellung |
| 689 | 0 | 4 | |q z |2 gnd |a Geschichte |
| 689 | 0 | |5 DE-101 | |
| 689 | 1 | 0 | |d g |0 (DE-588)4060036-1 |0 (DE-627)106141120 |0 (DE-576)209133503 |2 gnd |a Tibet |
| 689 | 1 | 1 | |d s |0 (DE-588)4021469-2 |0 (DE-627)106313843 |0 (DE-576)208938125 |2 gnd |a Götter |
| 689 | 1 | 2 | |d s |0 (DE-588)4026535-3 |0 (DE-627)104675268 |0 (DE-576)208966870 |2 gnd |a Ikonografie |
| 689 | 1 | 3 | |d s |0 (DE-588)4127234-1 |0 (DE-627)104544368 |0 (DE-576)209591935 |2 gnd |a Buddhistische Kunst |
| 689 | 1 | |5 DE-101 | |
| 689 | 2 | 0 | |d s |0 (DE-588)4008690-2 |0 (DE-627)106366823 |0 (DE-576)20887772X |2 gnd |a Buddhismus |
| 689 | 2 | 1 | |d s |0 (DE-588)4078150-1 |0 (DE-627)106078208 |0 (DE-576)209207590 |2 gnd |a Tantrismus |
| 689 | 2 | 2 | |d s |0 (DE-588)4021469-2 |0 (DE-627)106313843 |0 (DE-576)208938125 |2 gnd |a Götter |
| 689 | 2 | |5 (DE-627) | |
| 689 | 3 | 0 | |d s |0 (DE-588)4008690-2 |0 (DE-627)106366823 |0 (DE-576)20887772X |2 gnd |a Buddhismus |
| 689 | 3 | 1 | |d s |0 (DE-588)4021469-2 |0 (DE-627)106313843 |0 (DE-576)208938125 |2 gnd |a Götter |
| 689 | 3 | |5 (DE-627) | |
| 689 | 4 | 0 | |d s |0 (DE-588)4127234-1 |0 (DE-627)104544368 |0 (DE-576)209591935 |2 gnd |a Buddhistische Kunst |
| 689 | 4 | 1 | |d s |0 (DE-588)4124919-7 |0 (DE-627)105744042 |0 (DE-576)209572175 |2 gnd |a Gottesdarstellung |
| 689 | 4 | |5 (DE-627) | |
| 889 | |w (DE-627)301475091 | ||
| 935 | |a mteo | ||
| 935 | |i mdedup | ||
| 936 | b | k | |a 11.93 |j Buddhismus |0 (DE-627)106415336 |
| 936 | b | k | |a 20.51 |j Buddhistische Kunst |0 (DE-627)106406817 |
| 951 | |a BO | ||
| ELC | |b 1 | ||
| ITA | |a 1 |t 1 | ||
| LOK | |0 000 xxxxxcx a22 zn 4500 | ||
| LOK | |0 001 3113934303 | ||
| LOK | |0 003 DE-627 | ||
| LOK | |0 004 1605650366 | ||
| LOK | |0 005 20130326171513 | ||
| LOK | |0 008 990910||||||||||||||||ger||||||| | ||
| LOK | |0 040 |a DE-21 |c DE-627 |d DE-21 | ||
| LOK | |0 852 |a DE-21 | ||
| LOK | |0 852 1 |c 39 B 918 |9 00 | ||
| LOK | |0 935 |a theo |a sued |a theo | ||
| LOK | |0 936ln |a s16.2 | ||
| LOK | |0 936ln |a t13 | ||
| LOK | |0 939 |a 10-09-99 |b l01 | ||
| ORI | |a SA-MARC-ixtheoa001.raw | ||
| REF | |a Kunstgeschichte | ||
| REL | |a 1 | ||
| STA | 0 | 0 | |a Asia,Asia,Asia,Northeastern Asia,Buddhism,Buddhism,Buddhist art,Buddhism,Esotericism,Esotericism,God,Representation of God,Idol,Gods,Gods,Deities,Gods in art,History,History,History in art,Iconography,Tantrism,Tantra |
| STB | 0 | 0 | |a Art bouddhiste,Asie,Buddhisme,Bouddhisme,Dieux,Dieux,Histoire,Histoire,Histoire,Iconographie,Représentation de Dieu,Tantrisme,Ésotérisme,Ésotérisme |
| STC | 0 | 0 | |a Arte budista,Asia,Budismo,Budismo,Divinidades,Divinidades,Esotérica,Esotérica,Historia,Historia,Historia,Iconografía,Representación divina,Tantrismo |
| STD | 0 | 0 | |a Arte buddhista,Arte buddista,Arte buddista,Asia,Buddhismo <motivo>,Buddhismo,Buddismo,Buddismo,Buddismo (motivo),Buddismo,Dei <motivo>,Dei,Divinità,Divinità,Divinità (motivo),Divinità,Esoterismo,Esoterismo,Iconografia,Rappresentazione di Dio,Storia,Storia,Tantrismo |
| STE | 0 | 0 | |a 佛教,佛教艺术,历史,史,圣像学,密传教义,密传教义,秘教,密教,秘教,密教,对神的描述,对神的描绘,怛特罗密教,诸神,众神 |
| STF | 0 | 0 | |a 佛教,佛教藝術,密傳教義,密傳教義,秘教,密教,秘教,密教,對神的描述,對神的描繪,怛特羅密教,歷史,史,聖像學,諸神,眾神 |
| STG | 0 | 0 | |a Arte budista,Budismo,Budismo,Divindades,Divindades,Esotérica,Esotérica,História,História,Iconografia,Representação divina,Tantrismo,Ásia |
| STH | 0 | 0 | |a Азия (мотив),Боги (мотив),Боги,Буддизм (мотив),Буддизм,Буддистское искусство,Изображение Бога,Иконография,История (мотив),История,Тантризм,Эзотерика (мотив),Эзотерика |
| STI | 0 | 0 | |a Ασία (μοτίβο),Βουδισμός (μοτίβο),Βουδισμός,Βουδιστική τέχνη,Είδωλο του Θεού,Εικονογραφία,Εσωτερισμός (μοτίβο),Εσωτερισμός,Θεοί <μοτίβο>,Θεοί,Θεότητες,Θεότητες (μοτίβο),Ιστορία (μοτίβο),Ιστορία,Ταντρισμός |
| SUB | |a REL | ||
| SYG | 0 | 0 | |a Asia,Asiatische Länder,Asiatische Staaten , Buddhism,Zen-Buddhismus , Götterbild,Götterdarstellung,Götter,Gottesbild,Idol , History,Geschichtliche Epoche,Historical development,Historische Entwicklung,Landesgeschichte,Regionalgeschichte,Ortsgeschichte,Zeitgeschichte , Xizang Zizhiqu,Bod rang skyong ljongs,Xizang zizhiqu,Xizang,Autonomes Gebiet Tibet,Tibet Autonomous Region,Tibetan Autonomous Region,Bod , Gascart, Gilbert,Tibet , Gottheiten , Ikonographie,Kunst , Buddhismus , Buddhism,Zen-Buddhismus , Tantra , Gottheiten , Buddhism,Zen-Buddhismus , Gottheiten , Buddhismus , Götterbild,Götterdarstellung,Götter,Gottesbild,Idol |